| 000 | 00000nam##2200000za#4500 |
| 001 | 9.573261 |
| 003 | CaOODSP |
| 005 | 20210624183622 |
| 007 | cr ||||||||||| |
| 008 | 150406|2005||||xxc|||||o f|0| 0 eng|d |
| 040 | |aCaOODSP|beng |
| 043 | |an-cn--- |
| 086 | 1 |aBT31-4/63-2005-1E-PDF |
| 110 | 1 |aCanada. |bTreasury Board. |
| 245 | 10|aOffice of the Information Commissioner, departmental performance report |h[electronic resource] |
| 246 | 15|aOffices of the Information and Privacy Commissioners, 2004-2005 departmental performance report |
| 260 | |aOttawa - Ontario : |bTreasury Board of Canada Secretariat |c[2005]. |
| 300 | |a48p.|borganization chart, tables, photographs |
| 490 | 1 |aPerformance report for the period ending March 31, 2005 |
| 500 | |a"I am pleased to submit my Departmental Performance Report for the fiscal period April 1, 2004 to March 31, 2005, The Honourable John M. Reid, Information Commission of Canada"--p. 2 of 48. |
| 590 | |a12-07-Supp|b2012-03-09 |
| 775 | 08|tCommissariats à l'information et à la protection de la vie privée du Canada, 2004-2005 - rapport ministériel sur le rendement |w(CaOODSP)9.603470 |
| 776 | 0#|tCommissariats à l'information et à la protection de la vie privée du Canada |w(CaOODSP)9.541841 |
| 776 | 0#|tOffices of the Information and Privacy Commissioners of Canada |w(CaOODSP)9.541840 |
| 830 | #0|aPerformance report for the period ending March 31, 2005.|w(CaOODSP)9.506266 |
| 856 | 40|ahttp://publications.gc.ca|qPDF|s2.13 MB|uhttps://publications.gc.ca/collections/collection_2012/sct-tbs/BT31-4-63-2005-1-eng.pdf |